| 000 | 00571cam a22002052 4500 | ||
|---|---|---|---|
| 001 | 0000023542 | ||
| 005 | 20151217152243.0 | ||
| 008 | 130228s xx 000 0 eng d | ||
| 020 | _a0080966342 : | ||
| 040 |
_aKABU _cKABU |
||
| 050 | 0 |
_aTK7815 _b.B57 |
|
| 100 | 1 |
_aBishop, Owen. _@0000156405 |
|
| 245 | 1 | 0 |
_aElectronics. : _bcircuits and systems. |
| 260 |
_aOxford : _bElsevier, _c2011. |
||
| 300 | _aix, 370 p. | ||
| 650 | 0 |
_aElectronic circuits. _@0000148505 |
|
| 852 | 1 | _9p1995 KES | |
| 908 | _a130228 | ||
| 950 | _@1 | ||
| 999 |
_c9855 _d9855 |
||